000 02348nam a22002057a 4500
005 20220110095947.0
008 220110b ||||| |||| 00| 0 eng d
020 _a9789352641819
040 _cAL
041 _aeng
082 _223
_a491.2
_bMALB
100 _aRajiv Malhotra
_912736
245 _aBattle for Sanskrit
_bSanskrit political or sacred oppressive or liberating dead or alive
260 _aIndia
_bHarperCollins
_c2017
300 _axviii,468p.
_bPB
_c21.3X14cm.
365 _2General
_a4477
_b₹467.22
_c
_d₹599.00
_e22%
_f18-12-2021
520 _aThere is a new awakening in India that is challenging the ongoing westernization of the discourse about India. The Battle for Sanskrit seeks to alert traditional scholars of Sanskrit and sanskriti - Indian civilization - concerning an important school of thought that has its base in the US and that has started to dominate the discourse on the cultural, social and political aspects of India. This academic field is called Indology or Sanskrit studies. From their analysis of Sanskrit texts, the scholars of this field are intervening in modern Indian society with the explicitly stated purpose of removing 'poisons' allegedly built into these texts. They hold that many Sanskrit texts are socially oppressive and serve as political weapons in the hands of the ruling elite; that the sacred aspects need to be refuted; and that Sanskrit has long been dead. The traditional Indian experts would outright reject or at least question these positions. The start of Rajiv Malhotra's feisty exploration of where the new thrust in Western Indology goes wrong, and his defence of what he considers the traditional, Indian approach, began with a project related to the Sringeri Sharada Peetham in Karnataka, one of the most sacred institutions for Hindus. There was, as he saw it, a serious risk of distortion of the teachings of the peetham, and of sanatana dharma more broadly. Whichever side of the fence one may be on, The Battle for Sanskrit offers a spirited debate marshalling new insights and research. It is a valuable addition to an important subject, and in a larger context, on two ways of looking. Is each view exclusive of the other, or can there be a bridge between them? Readers can judge for themselves.
650 _2Language
_aEnglish Language
_912737
942 _2ddc
_cBK
999 _c221123
_d221123